[Event "LTU-ch"]
[Site "Nemencine"]
[Date "2011.04.27"]
[Round "4"]
[White "Slusnys, Evaldas"]
[Black "Piesina, Gintautas"]
[Result "0-1"]
[WhiteElo "1872"]
[BlackElo "2344"]
[PlyCount "74"]
[EventDate "2011.04.25"]
[EventType "swiss"]
[EventRounds "9"]
[EventCountry "LTU"]
[SourceTitle "CBM 142 Extra"]
[Source "ChessBase"]
[SourceDate "2011.06.27"]
[SourceVersion "1"]
[SourceVersionDate "2011.06.27"]
[SourceQuality "1"]

1. d4 Nf6 2. c4 g6 3. Nc3 Bg7 4. e4 d6 5. f3 0-0 6. Be3 c5 7. dxc5 dxc5 8. Qxd8 Rxd8 9. Bxc5 Nc6 10. Nge2 Nd7 11. Be3 Nde5 12. Nf4 Nb4 13. Rd1 Nxf3+ 14. gxf3 Bxc3+ 15. bxc3 Nc2+ 16. Ke2 Rxd1 17. Kxd1 Nxe3+ 18. Kd2 Nxf1+ 19. Rxf1 Bd7 20. Rb1 Bc6 21. Ke3 Kf8 22. Nd3 Rc8 23. Ne5 b6 24. Nxc6 Rxc6 25. Kd4 Rc5 26. Rb5 e5+ 27. Kd3 Rxb5 28. cxb5 Ke7 29. a4 Kd6 30. Kc4 f6 31. Kb4 f5 32. c4 fxe4 33. fxe4 g5 34. c5+ bxc5+ 35. Kc4 h5 36. a5 g4 37. a6 Kc7 0-1

[Event "LTU-ch"]
[Site "Nemencine"]
[Date "2011.04.26"]
[Round "2"]
[White "Klabis, Rokas"]
[Black "Piesina, Gintautas"]
[Result "1-0"]
[WhiteElo "2004"]
[BlackElo "2344"]
[PlyCount "79"]
[EventDate "2011.04.25"]
[EventType "swiss"]
[EventRounds "9"]
[EventCountry "LTU"]
[SourceTitle "CBM 142 Extra"]
[Source "ChessBase"]
[SourceDate "2011.06.27"]
[SourceVersion "1"]
[SourceVersionDate "2011.06.27"]
[SourceQuality "1"]

1. e4 c5 2. Nc3 Nc6 3. Bb5 g6 4. Bxc6 bxc6 5. f4 d6 6. Nf3 Bg4 7. 0-0 e6 8. h3 Bxf3 9. Qxf3 Qd7 10. f5 gxf5 11. exf5 0-0-0 12. d3 Bg7 13. Bg5 Re8 14. f6 Bf8 15. Rab1 d5 16. a3 h6 17. Bh4 h5 18. b4 Nh6 19. Bf2 Nf5 20. bxc5 Rg8 21. d4 Bh6 22. Ne2 Qc7 23. Qd3 Kd7 24. Rb4 Rb8 25. Rfb1 h4 26. c3 Rxb4 27. axb4 Rb8 28. b5 Rxb5 29. Rxb5 cxb5 30. Qxb5+ Qc6 31. Qb8 Qa6 32. c4 dxc4 33. Qg8 Kc6 34. Qe8+ Kc7 35. Qxf7+ Kb8 36. Qd7 Qc8 37. Qb5+ Qb7 38. Qe8+ Qc8 39. f7 Kc7 40. Nc3 1-0

[Event "LTU-ch"]
[Site "Nemencine"]
[Date "2011.04.25"]
[Round "1"]
[White "Piesina, Gintautas"]
[Black "Valantiejus, Vaidotas"]
[Result "1-0"]
[WhiteElo "2344"]
[BlackElo "1982"]
[PlyCount "61"]
[EventDate "2011.04.25"]
[EventType "swiss"]
[EventRounds "9"]
[EventCountry "LTU"]
[SourceTitle "CBM 142 Extra"]
[Source "ChessBase"]
[SourceDate "2011.06.27"]
[SourceVersion "1"]
[SourceVersionDate "2011.06.27"]
[SourceQuality "1"]

1. c4 Nf6 2. Nf3 g6 3. Nc3 Bg7 4. e4 d6 5. d4 0-0 6. h3 e5 7. d5 a5 8. Bg5 h6 9. Be3 Na6 10. Nd2 b6 11. Be2 Nc5 12. a3 Kh7 13. Rb1 Bd7 14. b4 axb4 15. axb4 Na4 16. Nxa4 Rxa4 17. 0-0 Qe7 18. Qc2 Rfa8 19. c5 bxc5 20. bxc5 Ra2 21. Rb2 Rxb2 22. Qxb2 dxc5 23. Rc1 c6 24. Bxc5 Qe8 25. d6 Bc8 26. Qc2 Bb7 27. Rb1 Ba6 28. Bxa6 Rxa6 29. Qc4 Ra8 30. Rb7 Kg8 31. Re7 1-0

[Event "LTU-ch"]
[Site "Nemencine"]
[Date "2010.04.29"]
[Round "7"]
[White "Piesina, Gintautas"]
[Black "Slapikas, Vytautas"]
[Result "1-0"]
[WhiteElo "2342"]
[BlackElo "2358"]
[PlyCount "121"]
[EventDate "2010.04.25"]
[EventType "swiss"]
[EventRounds "9"]
[EventCountry "LTU"]
[SourceTitle "CBM 136 Extra"]
[Source "ChessBase"]
[SourceDate "2010.07.02"]
[SourceVersion "2"]
[SourceVersionDate "2010.07.15"]
[SourceQuality "1"]

1. e4 c6 2. c4 e5 3. Nf3 d6 4. d4 Qc7 5. Nc3 Bg4 6. Be2 Ne7 7. Be3 Ng6 8. Nd2 Bc8 9. g3 Be7 10. h4 Bf6 11. d5 c5 12. a3 Be7 13. b4 b6 14. bxc5 bxc5 15. Bg4 0-0 16. Rb1 Nd7 17. Nb5 Qa5 18. h5 Nh8 19. Kf1 a6 20. Nb3 Qa4 21. Nc3 Qxa3 22. Kg2 Nf6 23. Be2 Bd7 24. Qc2 Rfb8 25. Rb2 Ba4 26. Nxa4 Qxa4 27. Ra1 Qe8 28. Bd2 h6 29. Rab1 Bd8 30. Na5 Bxa5 31. Bxa5 g6 32. Rxb8 Rxb8 33. Bc7 Rc8 34. Bxd6 gxh5 35. Rb7 Ng6 36. Qb1 h4 37. Rb8 hxg3 38. fxg3 Rxb8 39. Qxb8 Qxb8 40. Bxb8 Nxe4 41. Bd3 Nf6 42. Bf5 Nf8 43. Bxe5 N8d7 44. Bc3 Kf8 45. d6 Ke8 46. g4 a5 47. Bxa5 Ne5 48. Bc3 Nfxg4 49. d7+ Ke7 50. Ba5 Ne3+ 51. Kf2 N3g4+ 52. Kg3 Nxd7 53. Bxg4 Ne5 54. Be2 Ke6 55. Bc7 Nc6 56. Kf4 Nd4 57. Bg4+ f5 58. Bd1 Nc6 59. Bf3 Ne7 60. Bh5 Nc6 61. Bg6 1-0

[Event "LTU-ch"]
[Site "Vilnius"]
[Date "2009.05.09"]
[Round "10"]
[White "Piesina, Gintautas"]
[Black "Kveinys, Aloyzas"]
[Result "0-1"]
[WhiteElo "2345"]
[BlackElo "2534"]
[PlyCount "134"]
[EventDate "2009.05.02"]
[EventType "tourn"]
[EventRounds "11"]
[EventCountry "LTU"]
[EventCategory "7"]
[SourceTitle "CBM 130 Extra"]
[Source "ChessBase"]
[SourceDate "2009.07.02"]
[SourceVersion "2"]
[SourceVersionDate "2009.07.15"]
[SourceQuality "1"]

1. e4 c5 2. Nf3 e6 3. d4 cxd4 4. Nxd4 a6 5. Bd3 Bc5 6. Nb3 Ba7 7. Nc3 Nc6 8. Qe2 Nge7 9. Bg5 d6 10. 0-0-0 b5 11. Rhe1 b4 12. Nb1 Qc7 13. N1d2 0-0 14. f4 a5 15. Nf3 a4 16. Nbd2 a3 17. b3 f6 18. Bh4 d5 19. Bf2 Bxf2 20. Qxf2 Qxf4 21. exd5 exd5 22. Qc5 Rf7 23. g3 Qb8 24. Nd4 Ne5 25. Be2 Bd7 26. Kb1 Qb7 27. N2f3 Rc8 28. Qa5 N5c6 29. Qa6 Qb8 30. Bb5 Qc7 31. Bxc6 Nxc6 32. Nb5 Qb8 33. Rxd5 Bg4 34. Nfd4 Nxd4 35. Rxd4 Re8 36. Rc1 Be2 37. Rxb4 Rb7 38. Qxa3 Bxb5 39. Qa5 Re5 40. Rd1 Be8 41. Rd8 Rxa5 42. Rxb8 Re7 43. Rc4 Kf7 44. a4 g5 45. Kb2 f5 46. Rb6 h5 47. Rd4 Re6 48. Rb7+ Kf6 49. Ka3 Raa6 50. Kb4 Bc6 51. Rb8 Re4 52. Kc5 Ra5+ 53. Kb6 Rxd4 54. Kxa5 f4 55. gxf4 gxf4 56. b4 f3 57. b5 Be4 58. Rf8+ Ke5 59. b6 Rd7 60. c4 Bf5 61. Re8+ Be6 62. Rf8 Bf7 63. c5 f2 64. c6 Rd5+ 65. Ka6 f1Q+ 66. Kb7 Ra5 67. Kc7 Qf6 0-1

[Event "LTU-ch"]
[Site "Vilnius"]
[Date "2009.05.03"]
[Round "2"]
[White "Piesina, Gintautas"]
[Black "Zagorskis, Darius"]
[Result "1/2-1/2"]
[WhiteElo "2345"]
[BlackElo "2514"]
[PlyCount "142"]
[EventDate "2009.05.02"]
[EventType "tourn"]
[EventRounds "11"]
[EventCountry "LTU"]
[EventCategory "7"]
[SourceTitle "CBM 130 Extra"]
[Source "ChessBase"]
[SourceDate "2009.07.02"]
[SourceVersion "2"]
[SourceVersionDate "2009.07.15"]
[SourceQuality "1"]

1. e4 c5 2. Ne2 e6 3. d4 cxd4 4. Nxd4 a6 5. Bd3 Qc7 6. 0-0 Nf6 7. Qe2 d6 8. c4 g6 9. Be3 Bg7 10. f3 0-0 11. Nc3 Nbd7 12. Rac1 b6 13. Qf2 Bb7 14. Rfd1 Rac8 15. Be2 Qb8 16. Nb3 Ba8 17. Bd4 Rc6 18. Nd2 Rfc8 19. Kh1 R6c7 20. Qg1 h5 21. a3 Kh7 22. a4 Re8 23. b4 Rcc8 24. Bf1 Bf8 25. Rb1 Qc7 26. Rb3 Rb8 27. Ra1 Ne5 28. a5 bxa5 29. b5 axb5 30. cxb5 Nfd7 31. b6 Qd8 32. Bb5 Nc6 33. Bxc6 Bxc6 34. Rxa5 Nc5 35. Bxc5 dxc5 36. Nc4 Qd4 37. Qxd4 cxd4 38. Ne2 Rec8 39. Ne5 Be8 40. Nd3 Rc4 41. b7 Ba4 42. Ra8 Bd6 43. Rb6 Bc2 44. Rxd6 Rxb7 45. Nf2 Rb1+ 46. Ng1 Bb3 47. h4 e5 48. Ra5 Rcc1 49. Nfh3 Be6 50. Kh2 Rb2 51. Ng5+ Kh6 52. Rxe6 Rcc2 53. Nxf7+ Kg7 54. Nxe5 Rxg2+ 55. Kh3 Rh2+ 56. Kg3 Rbg2+ 57. Kf4 Rxh4+ 58. Ng4 hxg4 59. Ra1 Rh1 60. fxg4 Rhxg1 61. Rxg1 Rxg1 62. Rd6 Rd1 63. Ke5 d3 64. Ke6 Kh6 65. e5 Kg5 66. Rd4 d2 67. Kd6 Re1 68. Rxd2 Kxg4 69. e6 g5 70. Rd4+ Kf3 71. Rd5 Kf4 1/2-1/2

[Event "LTU-ch"]
[Site "Vilnius"]
[Date "2009.05.02"]
[Round "1"]
[White "Sarakauskas, Gediminas"]
[Black "Piesina, Gintautas"]
[Result "0-1"]
[WhiteElo "2424"]
[BlackElo "2345"]
[PlyCount "112"]
[EventDate "2009.05.02"]
[EventType "tourn"]
[EventRounds "11"]
[EventCountry "LTU"]
[EventCategory "7"]
[SourceTitle "CBM 130 Extra"]
[Source "ChessBase"]
[SourceDate "2009.07.02"]
[SourceVersion "2"]
[SourceVersionDate "2009.07.15"]
[SourceQuality "1"]

1. e4 c5 2. Ne2 Nf6 3. e5 Ng4 4. d4 cxd4 5. Qxd4 d6 6. exd6 e5 7. Qd3 Bxd6 8. Nbc3 0-0 9. h3 Nf6 10. Bg5 Be7 11. Ng3 Be6 12. Nf5 Bxf5 13. Qxf5 Nc6 14. Bxf6 Bxf6 15. Rd1 Qa5 16. Rd5 Ne7 17. Rxa5 Nxf5 18. Ne4 b6 19. Nxf6+ gxf6 20. Rd5 Rfd8 21. Rxd8+ Rxd8 22. Bd3 Nd6 23. Ke2 e4 24. Ba6 Kf8 25. Rd1 Ke7 26. Rd4 Rg8 27. g3 Rg5 28. Bc4 Rc5 29. Bb3 f5 30. Ke3 f4+ 31. Kxf4 Rf5+ 32. Ke3 Rh5 33. Ra4 a5 34. h4 Kf6 35. f3 Nf5+ 36. Kf4 exf3 37. Kxf3 Nd6 38. Rd4 Ke7 39. c3 Re5 40. Bc2 f5 41. Kf2 h5 42. Bd3 b5 43. a4 bxa4 44. Rxa4 Rc5 45. Ke3 Re5+ 46. Kf4 Ke6 47. Ra1 Kf6 48. Rf1 Rd5 49. Ke3 Nf7 50. Be2 Ne5 51. Rf4 Ng4+ 52. Bxg4 hxg4 53. Rd4 Rb5 54. b4 Re5+ 55. Kf4 a4 56. b5 a3 0-1

[Event "LTU-ch sf"]
[Site "Vilnius"]
[Date "2009.02.18"]
[Round "8"]
[White "Piesina, Gintautas"]
[Black "Kudzma, Laimonas"]
[Result "1/2-1/2"]
[WhiteElo "2352"]
[BlackElo "2255"]
[PlyCount "41"]
[EventDate "2009.02.13"]
[EventType "swiss"]
[EventRounds "9"]
[EventCountry "LTU"]
[SourceTitle "CBM 128 Extra"]
[Source "ChessBase"]
[SourceDate "2009.03.05"]
[SourceVersion "2"]
[SourceVersionDate "2009.03.25"]
[SourceQuality "1"]

1. d4 Nf6 2. Nf3 e6 3. c4 Bb4+ 4. Bd2 Qe7 5. g3 Nc6 6. Nc3 Bxc3 7. Bxc3 Ne4 8. Rc1 0-0 9. Bg2 d6 10. d5 Nxc3 11. Rxc3 Ne5 12. Nd4 Ng4 13. dxe6 fxe6 14. 0-0 e5 15. Nb3 c6 16. Nd2 Be6 17. Ne4 Rad8 18. Qa4 a6 19. Qb4 Bf5 20. c5 Bxe4 21. Bxe4 1/2-1/2

[Event "LTU-ch sf"]
[Site "Vilnius"]
[Date "2009.02.14"]
[Round "2"]
[White "Piesina, Gintautas"]
[Black "Laurusas, Tomas"]
[Result "1/2-1/2"]
[WhiteElo "2352"]
[BlackElo "2078"]
[PlyCount "39"]
[EventDate "2009.02.13"]
[EventType "swiss"]
[EventRounds "9"]
[EventCountry "LTU"]
[SourceTitle "CBM 128 Extra"]
[Source "ChessBase"]
[SourceDate "2009.03.05"]
[SourceVersion "2"]
[SourceVersionDate "2009.03.25"]
[SourceQuality "1"]

1. e4 c5 2. Nc3 e6 3. Nf3 a6 4. d4 cxd4 5. Nxd4 Qc7 6. Bd3 Nf6 7. 0-0 d6 8. g4 Nc6 9. Nxc6 bxc6 10. g5 Nd7 11. f4 Be7 12. f5 Ne5 13. Be3 g6 14. f6 Bf8 15. Na4 c5 16. b4 Bd7 17. Nb2 c4 18. Be2 c3 19. Nd3 Nc4 20. Qc1 1/2-1/2

[Event "LTU-ch sf"]
[Site "Vilnius"]
[Date "2008.02.17"]
[Round "4"]
[White "Plunge, Gintautas Jurgis"]
[Black "Piesina, Gintautas"]
[Result "0-1"]
[WhiteElo "2134"]
[BlackElo "2360"]
[PlyCount "70"]
[EventDate "2008.02.15"]
[EventType "swiss"]
[EventRounds "9"]
[EventCountry "LTU"]
[SourceTitle "CBM 123 Extra"]
[Source "ChessBase"]
[SourceDate "2008.05.06"]
[SourceVersion "1"]
[SourceVersionDate "2008.05.06"]
[SourceQuality "1"]

1. e4 c5 2. c3 Nf6 3. e5 Nd5 4. d4 cxd4 5. Nf3 Nc6 6. cxd4 d6 7. Bc4 e6 8. 0-0 Be7 9. Qe2 0-0 10. Nc3 Nxc3 11. bxc3 dxe5 12. dxe5 Qa5 13. Qe4 Rd8 14. Bg5 h6 15. Bd2 Qa4 16. g4 Na5 17. Bd3 Qxe4 18. Bxe4 Bd7 19. g5 Bb5 20. Rfe1 Nc4 21. Bf4 hxg5 22. Bxg5 Bxg5 23. Nxg5 Rd7 24. Rab1 Ba6 25. Nf3 Rad8 26. Kg2 Kf8 27. Kg3 Ke7 28. Nd4 Rc8 29. Kf4 Rc5 30. Bg2 Ra5 31. Rb4 Rxa2 32. Rd1 Rxf2+ 33. Bf3 Nxe5 34. Kxe5 Rxf3 35. Ra1 Rxc3 0-1

[Event "LTU-ch sf"]
[Site "Vilnius"]
[Date "2008.02.15"]
[Round "1"]
[White "Piesina, Gintautas"]
[Black "Labuckas, Bronius"]
[Result "1-0"]
[WhiteElo "2360"]
[BlackElo "2027"]
[PlyCount "88"]
[EventDate "2008.02.15"]
[EventType "swiss"]
[EventRounds "9"]
[EventCountry "LTU"]
[SourceTitle "CBM 123 Extra"]
[Source "ChessBase"]
[SourceDate "2008.05.06"]
[SourceVersion "1"]
[SourceVersionDate "2008.05.06"]
[SourceQuality "1"]

1. c4 Nf6 2. Nc3 g6 3. e4 d6 4. d4 Bg7 5. Bd3 Nc6 6. Nge2 e5 7. d5 Ne7 8. h3 a6 9. Be3 0-0 10. g4 Kh8 11. Ng3 Nfg8 12. Qc2 Bd7 13. a4 Rc8 14. f3 c6 15. Qd2 cxd5 16. cxd5 f5 17. Nge2 Qe8 18. a5 Qf7 19. 0-0-0 f4 20. Bf2 h6 21. Kb1 Qe8 22. Rc1 Nf6 23. Rc2 Ba4 24. Nxa4 Qxa4 25. Rhc1 Rxc2 26. Bxc2 Qd7 27. Qb4 Nc8 28. Ba4 Qe7 29. Rc4 Nh7 30. Qc3 Qd8 31. Rc7 Ng5 32. Ng1 Bf6 33. Rd7 Qe8 34. Rh7+ Nxh7 35. Bxe8 Rxe8 36. Qc7 Kg8 37. Qxb7 Nf8 38. Ne2 Rd8 39. Qxa6 Nd7 40. Qb5 Be7 41. a6 Nc5 42. Bxc5 dxc5 43. Qb7 Kf8 44. a7 Nd6 1-0

[Event "LTU-ch sf"]
[Site "Vilnius"]
[Date "2007.02.20"]
[Round "7"]
[White "Labeckas, Kestutis"]
[Black "Piesina, Gintautas"]
[Result "1-0"]
[WhiteElo "2221"]
[BlackElo "2371"]
[PlyCount "97"]
[EventDate "2007.02.16"]
[EventType "swiss"]
[EventRounds "9"]
[EventCountry "LTU"]
[SourceTitle "EXT 2010"]
[Source "ChessBase"]
[SourceDate "2010.11.25"]
[SourceVersion "1"]
[SourceVersionDate "2010.11.25"]
[SourceQuality "1"]

1. d4 e6 2. Nf3 b6 3. Bg5 f6 4. Bh4 Bb7 5. e3 Ne7 6. Bd3 Nf5 7. Bg3 g6 8. Nbd2 Bg7 9. Qe2 d6 10. e4 Nxg3 11. hxg3 Qe7 12. c3 Nd7 13. Ba6 Bxa6 14. Qxa6 0-0 15. 0-0 Bh6 16. a4 Bxd2 17. Nxd2 f5 18. a5 Nf6 19. Qd3 d5 20. exd5 exd5 21. Rfe1 Qd6 22. Re5 Ng4 23. Re2 f4 24. f3 Nf6 25. g4 Kg7 26. Rae1 Rf7 27. Re5 c6 28. Qe2 Nd7 29. Re6 Qc7 30. c4 Nf8 31. Re5 Rd8 32. Qd3 bxa5 33. c5 Rb8 34. b3 Rb4 35. Re8 a4 36. bxa4 Rxa4 37. Nf1 a5 38. g5 Qd7 39. Qe2 Qf5 40. Re5 Qc8 41. Nh2 Qb8 42. Re8 Qb4 43. Qe5+ Kg8 44. Ng4 Qxd4+ 45. Qxd4 Rxd4 46. Nh6+ Kg7 47. Nxf7 Kxf7 48. R1e7+ Kg8 49. Ra8 1-0

[Event "LTU-ch sf"]
[Site "Vilnius"]
[Date "2007.02.19"]
[Round "6"]
[White "Narmontas, Tauras"]
[Black "Piesina, Gintautas"]
[Result "0-1"]
[WhiteElo "2171"]
[BlackElo "2371"]
[PlyCount "72"]
[EventDate "2007.02.16"]
[EventType "swiss"]
[EventRounds "9"]
[EventCountry "LTU"]
[SourceTitle "EXT 2010"]
[Source "ChessBase"]
[SourceDate "2010.11.25"]
[SourceVersion "1"]
[SourceVersionDate "2010.11.25"]
[SourceQuality "1"]

1. e4 c5 2. Nf3 d6 3. d4 cxd4 4. Nxd4 Nf6 5. Nc3 a6 6. Be3 e6 7. f3 Nc6 8. Qd2 Be7 9. g4 0-0 10. h4 Nd7 11. g5 Nxd4 12. Bxd4 b5 13. 0-0-0 Rb8 14. f4 b4 15. Ne2 Nc5 16. Qe3 Qc7 17. b3 Bb7 18. Bg2 a5 19. g6 fxg6 20. h5 e5 21. hxg6 h6 22. Bb2 exf4 23. Qd4 Ne6 24. Qd3 Ng5 25. Nd4 f3 26. Bh3 Bxe4 27. Be6+ Nxe6 28. Qxe4 Bg5+ 29. Kb1 Nxd4 30. Qd5+ Kh8 31. Bxd4 Rbc8 32. c4 bxc3 33. Rc1 c2+ 34. Kb2 Bf6 35. Bxf6 Rxf6 36. Qd4 Rxg6 0-1

[Event "LTU-ch"]
[Site "Vilnius"]
[Date "2006.03.23"]
[Round "7"]
[White "Zagorskis, Darius"]
[Black "Piesina, Gintautas"]
[Result "0-1"]
[WhiteElo "2489"]
[BlackElo "2358"]
[PlyCount "76"]
[EventDate "2006.03.18"]
[EventType "tourn"]
[EventRounds "11"]
[EventCountry "LTU"]
[EventCategory "5"]
[SourceTitle "CBM 111 Extra"]
[Source "ChessBase"]
[SourceDate "2006.05.09"]
[SourceVersion "1"]
[SourceVersionDate "2006.05.09"]
[SourceQuality "1"]

1. Nf3 g6 2. c4 Bg7 3. d4 c5 4. e4 Qa5+ 5. Nc3 d6 6. d5 Bxc3+ 7. bxc3 Nf6 8. Qc2 Nxe4 9. Bd3 Nf6 10. Bh6 Nbd7 11. 0-0 Ng4 12. Bf4 Qc7 13. Rae1 Nge5 14. Nxe5 Nxe5 15. Bxe5 dxe5 16. Re3 f5 17. f3 0-0 18. Qe2 e4 19. fxe4 f4 20. Qf2 e5 21. Ree1 g5 22. Rb1 Qe7 23. Rfd1 b6 24. a4 g4 25. a5 Rb8 26. axb6 axb6 27. Be2 Qg5 28. g3 Rf6 29. Ra1 Bd7 30. Ra7 Rd8 31. Rda1 h5 32. Bf1 fxg3 33. Qxg3 h4 34. Qe1 Rdf8 35. Bd3 g3 36. hxg3 Rf2 37. Qxf2 Rxf2 38. Kxf2 hxg3+ 0-1

[Event "LTU-ch"]
[Site "Vilnius"]
[Date "2006.03.22"]
[Round "6"]
[White "Piesina, Gintautas"]
[Black "Butnorius, Algimantas"]
[Result "0-1"]
[WhiteElo "2358"]
[BlackElo "2392"]
[PlyCount "54"]
[EventDate "2006.03.18"]
[EventType "tourn"]
[EventRounds "11"]
[EventCountry "LTU"]
[EventCategory "5"]
[SourceTitle "CBM 111 Extra"]
[Source "ChessBase"]
[SourceDate "2006.05.09"]
[SourceVersion "1"]
[SourceVersionDate "2006.05.09"]
[SourceQuality "1"]

1. Nf3 d5 2. c4 e6 3. d4 Nf6 4. Nc3 Be7 5. Bg5 h6 6. Bxf6 Bxf6 7. e3 c6 8. Bd3 Nd7 9. 0-0 0-0 10. Qe2 dxc4 11. Bxc4 e5 12. Rad1 exd4 13. exd4 Nb6 14. Bb3 Re8 15. Ne5 Be6 16. Bxe6 Rxe6 17. f4 Nd5 18. Qh5 Re7 19. Qf3 Qa5 20. Ng4 Rae8 21. Rd3 Qb6 22. Qf2 Qa6 23. Rh3 Qb6 24. Rd1 Bxd4 25. Qxd4 Re1+ 26. Kf2 Rxd1 27. Qxb6 Rd2+ 0-1

[Event "LTU-ch"]
[Site "Vilnius"]
[Date "2006.03.18"]
[Round "1"]
[White "Asauskas, Henrikas"]
[Black "Piesina, Gintautas"]
[Result "1/2-1/2"]
[WhiteElo "2309"]
[BlackElo "2358"]
[PlyCount "64"]
[EventDate "2006.03.18"]
[EventType "tourn"]
[EventRounds "11"]
[EventCountry "LTU"]
[EventCategory "5"]
[SourceTitle "CBM 111 Extra"]
[Source "ChessBase"]
[SourceDate "2006.05.09"]
[SourceVersion "1"]
[SourceVersionDate "2006.05.09"]
[SourceQuality "1"]

1. e4 c5 2. Nf3 d6 3. d4 cxd4 4. Nxd4 Nf6 5. Nc3 a6 6. Bc4 e6 7. Bb3 Nbd7 8. Bg5 Nc5 9. Qf3 Be7 10. 0-0-0 Qc7 11. Kb1 0-0 12. g4 b5 13. Bxf6 Bxf6 14. g5 Be5 15. Qe3 b4 16. Na4 Bd7 17. Nxc5 dxc5 18. Nf3 Bb5 19. Nxe5 Qxe5 20. f4 Qc7 21. c4 bxc3 22. bxc3 Rab8 23. Ka1 Qa5 24. Rb1 c4 25. Bc2 Rfd8 26. Rhd1 Qa3 27. Rxd8+ Rxd8 28. e5 g6 29. Rd1 Rd3 30. Bxd3 Qxc3+ 31. Kb1 Qb4+ 32. Ka1 Qc3+ 1/2-1/2

[Event "Birstonas op"]
[Site "Birstonas"]
[Date "2002.08.25"]
[Round "9"]
[White "Piesina, Gintautas"]
[Black "Shatilov, Alexandr"]
[Result "0-1"]
[WhiteElo "2411"]
[BlackElo "2301"]
[PlyCount "70"]
[EventDate "2002.08.17"]
[EventType "swiss"]
[EventRounds "9"]
[EventCountry "LTU"]
[SourceTitle "CBM 089 Extra"]
[Source "ChessBase"]
[SourceDate "2002.09.10"]
[SourceVersion "2"]
[SourceVersionDate "2002.09.10"]
[SourceQuality "1"]

1. e4 e6 2. d4 d5 3. Nc3 Nf6 4. e5 Nfd7 5. f4 c5 6. Nf3 Nc6 7. Be3 a6 8. a3 c4 9. f5 Be7 10. Qd2 Nb6 11. fxe6 Bxe6 12. Ne2 Bf5 13. c3 h6 14. Ng3 Bg6 15. Be2 Na5 16. Ra2 Bb1 17. Ra1 Nb3 18. Qd1 Bg6 19. Ra2 a5 20. 0-0 a4 21. e6 Bf6 22. Ne5 0-0 23. Nh5 Bxe5 24. exf7+ Rxf7 25. dxe5 Rxf1+ 26. Bxf1 Ra6 27. Nf4 Be4 28. e6 Qf6 29. g3 g5 30. Qg4 Bf5 31. Nh5 Qxe6 32. Qf3 Nd7 33. Qf2 Ne5 34. Be2 Ng4 35. Bxg4 Bxg4 0-1

[Event "Birstonas op"]
[Site "Birstonas"]
[Date "2002.08.19"]
[Round "3"]
[White "Piesina, Gintautas"]
[Black "Kaunas, Kestutis"]
[Result "1/2-1/2"]
[WhiteElo "2411"]
[BlackElo "2337"]
[PlyCount "79"]
[EventDate "2002.08.17"]
[EventType "swiss"]
[EventRounds "9"]
[EventCountry "LTU"]
[SourceTitle "CBM 089 Extra"]
[Source "ChessBase"]
[SourceDate "2002.09.10"]
[SourceVersion "2"]
[SourceVersionDate "2002.09.10"]
[SourceQuality "1"]

1. e4 c6 2. d4 d5 3. Nd2 dxe4 4. Nxe4 Bf5 5. Ng3 Bg6 6. h4 h6 7. Nf3 e6 8. h5 Bh7 9. Bd3 Bxd3 10. Qxd3 Nf6 11. Bd2 c5 12. Ne4 Nc6 13. Nxf6+ gxf6 14. Bc3 cxd4 15. Nxd4 Nxd4 16. Qxd4 Qxd4 17. Bxd4 e5 18. Be3 Rc8 19. 0-0-0 Bc5 20. Rhe1 Bxe3+ 21. Rxe3 Rg8 22. g3 Rg5 23. Rh1 Kd7 24. c3 Rc5 25. Kd2 Rd5+ 26. Ke2 b5 27. Rh4 f5 28. c4 bxc4 29. Rxc4 Rxh5 30. Ra4 a5 31. Rd3 Rxd3 32. Kxd3 f4 33. gxf4 exf4 34. Rxf4 Ke6 35. Re4+ Kd6 36. b3 Rf5 37. Ke3 Rc5 38. Rd4+ Ke6 39. Re4+ Kd6 40. Rd4+ 1/2-1/2

[Event "Birstonas op"]
[Site "Birstonas"]
[Date "2002.08.17"]
[Round "1"]
[White "Piesina, Gintautas"]
[Black "Tokmachev, Vladimir"]
[Result "1-0"]
[WhiteElo "2411"]
[BlackElo "2044"]
[PlyCount "71"]
[EventDate "2002.08.17"]
[EventType "swiss"]
[EventRounds "9"]
[EventCountry "LTU"]
[SourceTitle "CBM 089 Extra"]
[Source "ChessBase"]
[SourceDate "2002.09.10"]
[SourceVersion "2"]
[SourceVersionDate "2002.09.10"]
[SourceQuality "1"]

1. e4 c5 2. Nc3 Nc6 3. Bb5 e6 4. Nf3 Nge7 5. 0-0 Qc7 6. Re1 d6 7. d4 cxd4 8. Nxd4 a6 9. Nxc6 Nxc6 10. Bxc6+ bxc6 11. e5 d5 12. Na4 c5 13. c4 Bb7 14. cxd5 Bxd5 15. Nc3 Bb7 16. Qa4+ Bc6 17. Qc4 Be7 18. f3 0-0 19. Bf4 Rfd8 20. Rad1 Rd4 21. Rxd4 cxd4 22. Ne4 Qb6 23. b3 Bb5 24. Qc1 Bb4 25. Bd2 d3+ 26. Kh1 Bxd2 27. Qxd2 Rc8 28. Nd6 Rc2 29. Qf4 Qc7 30. h4 Rxa2 31. Rd1 f5 32. exf6 Qc2 33. Rg1 Qd2 34. Qg4 g5 35. Qxe6+ Kh8 36. Qc8+ 1-0

[Event "LTU-ch"]
[Site "Vilnius"]
[Date "2002.05.23"]
[Round "9"]
[White "Malisauskas, Vidmantas"]
[Black "Piesina, Gintautas"]
[Result "0-1"]
[WhiteElo "2514"]
[BlackElo "2411"]
[PlyCount "78"]
[EventDate "2002.05.17"]
[EventType "tourn"]
[EventRounds "11"]
[EventCountry "LTU"]
[EventCategory "9"]
[SourceTitle "CBM 090"]
[Source "ChessBase"]
[SourceDate "2002.09.20"]
[SourceVersion "1"]
[SourceVersionDate "2002.09.20"]
[SourceQuality "1"]

1. e4 c5 2. Nf3 g6 3. c3 Bg7 4. d4 cxd4 5. cxd4 d5 6. e5 Bg4 7. Nc3 Nc6 8. Bb5 e6 9. Qa4 Nge7 10. Bg5 Bxf3 11. Bxe7 Kxe7 12. gxf3 f6 13. exf6+ Bxf6 14. 0-0-0 Qd6 15. Kb1 Rhc8 16. h4 a6 17. Bxc6 Rxc6 18. h5 g5 19. Qc2 Rh8 20. Qd3 Qf4 21. Rhe1 Kf7 22. Ne2 Qf5 23. Qxf5 exf5 24. Ng3 f4 25. Nf5 Re8 26. Nh6+ Kf8 27. Rxe8+ Kxe8 28. Ng4 Bg7 29. h6 Bh8 30. b3 Rc3 31. Nh2 b5 32. Rg1 Bf6 33. Ng4 Kf7 34. Re1 b4 35. Re2 Bh8 36. Re1 Rxf3 37. Re5 Kg6 38. Rxd5 Rd3 39. Rd8 Bxd4 0-1

[Event "LTU-ch"]
[Site "Vilnius"]
[Date "2002.05.20"]
[Round "5"]
[White "Sakalauskas, Vaidas"]
[Black "Piesina, Gintautas"]
[Result "1/2-1/2"]
[WhiteElo "2424"]
[BlackElo "2411"]
[PlyCount "50"]
[EventDate "2002.05.17"]
[EventType "tourn"]
[EventRounds "11"]
[EventCountry "LTU"]
[EventCategory "9"]
[SourceTitle "CBM 090"]
[Source "ChessBase"]
[SourceDate "2002.09.20"]
[SourceVersion "1"]
[SourceVersionDate "2002.09.20"]
[SourceQuality "1"]

1. d4 e6 2. c4 c5 3. d5 exd5 4. cxd5 d6 5. Nc3 g6 6. Nf3 Bg7 7. e4 a6 8. h3 b5 9. Bd3 Nf6 10. 0-0 0-0 11. Re1 Re8 12. a3 Nbd7 13. Bf4 Qb6 14. Qd2 Bb7 15. Rac1 Rac8 16. Kh1 Nh5 17. Bh2 c4 18. Bc2 Nc5 19. Rcd1 a5 20. e5 dxe5 21. Nxe5 b4 22. Na4 Nxa4 23. Bxa4 Red8 24. d6 c3 25. bxc3 Rxc3 1/2-1/2